000 01063nam2a22002531 4500
001 rc\4456900
005 20250612090723.0
021 _aRU
_b[63-40249]
035 _a(NLR Aleph) 008590438
090 _a8640451
_c8640451
100 _a20130416d1963 |||y0rusy50 ca
101 1 _arus
_cjpn
102 _aRU
105 _ay z |||||
200 0 _aВып. 2
_fПер. с яп. А.Д. Вентцеля
210 _d1963
_aБ. м.
215 _a135 с.
320 _aБиблиогр.: с. 132-133 (28 назв.)
461 0 _1001rc\4456898
_12001#$aВероятностные процессы$fПер. с яп. А.Д. Вентцеля и С.А. Вербы$gПод ред. Е.Б. Дынкина. Вып. 1-$vВып. 2
_1700#1$aИто$bК.$gКиеси
_98640441
_aИто, К.
_cМосква
_d1960
_fПер. с яп. А.Д. Вентцеля и С.А. Вербы
_nИзд-во иностр. лит.
_tВероятностные процессы
_vВып. 2
801 0 _aRU
_bNLR
_gpsbo
801 1 _aRU
_bELAR
_2rusmarc
852 _aNLR
_j60-3/4337
942 _cBOOK
980 _aNB